Play with fire and you burn your fingers (Record no. 81338)

MARC details
000 -LEADER
fixed length control field 00796cab a22001935a 4500
001 - CONTROL NUMBER
control field L146958
008 - FIXED-LENGTH DATA ELEMENTS--GENERAL INFORMATION
fixed length control field 090318e20090314xxk F v 000 0 eng d
035 ## - SYSTEM CONTROL NUMBER
System control number (Sirsi) u146958
041 0# - LANGUAGE CODE
Language code of text/sound track or separate title eng
100 1# - MAIN ENTRY--PERSONAL NAME
Personal name Boulton, Ruth
245 00 - TITLE STATEMENT
Title Play with fire and you burn your fingers
260 ## - PUBLICATION, DISTRIBUTION, ETC.
Date of publication, distribution, etc. 2009
490 #0 - SERIES STATEMENT
Series statement Estates Gazette
Volume/sequential designation (0910) 14 March 2009, 102-104(2)
520 ## - SUMMARY, ETC.
Summary, etc. Explains that the banking crisis has resulted in unprecedented problems for the property sector. Argues that property professionals should protect themselves from losses in the eventuality that a deposit disappears on the collapse of a bank. Provides a checklist of points to consider in this respect.
590 ## - LOCAL NOTE (RLIN)
Local note KA
651 #4 - SUBJECT ADDED ENTRY--GEOGRAPHIC NAME
Geographic name England and Wales
Chronological subdivision 1543-
690 ## - LOCAL SUBJECT ADDED ENTRY--TOPICAL TERM (OCLC, RLIN)
Topical term or geographic name as entry element MANAGEMENT-CORPORATE RECOVERY
942 ## - ADDED ENTRY ELEMENTS (KOHA)
Suppress in OPAC 0
Holdings
Withdrawn status Lost status Source of classification or shelving scheme Damaged status Not for loan Home library Current library Shelving location Date acquired Total Checkouts Full call number Barcode Date last seen Copy number Price effective from Koha item type
    Dewey Decimal Classification     London London Journal article 18/03/2009   L146958 146958-1001 06/08/2019 1 06/08/2019 Journal article